| 000 | 004510000a22001570004500 | ||
|---|---|---|---|
| 003 | MACL | ||
| 005 | 20180322130844.0 | ||
| 008 | 180322b xxu||||| |||| 00| 0 eng d | ||
| 040 | _cMACL | ||
| 100 |
_aअरूण प्रकाश _957287 |
||
| 245 | _aलाखो के बोल सहे | ||
| 260 |
_bप्रवीण प्रकाशन _c1995 |
||
| 350 | _a95 | ||
| 650 |
_aकहानी _971506 |
||
| 942 |
_cHIN _k891.433/ARU/S _2ddc |
||
| 999 |
_c19622 _d19622 |
||